000 00389 a2200121 4500
001 ART_34366
005 20260410162004.0
008 260409a
245 1 0 _aEspecificidad de activos y relaciones contractuales
100 1 _aGallacher, Marcos
700 1 _aDutto, Martín L.
773 0 _tRevista de economía y estadística
_g- Vol. XLIX, Nº 1 (jun. 2011)
_wREV34359
999 _c31588
_d31588